000 00802nam a2200241Ia 4500
003 OSt
005 20220923224647.0
006 a|||||r|||| 00| 0
007 ta
008 220922b |||||||| |||| 00| 0 hin d
024 _a248,625
037 _cTextual
040 _aARTS
_cARTS
_bhin
041 _2hin
_ahin
082 _aO142,3xN1, 152K5
245 0 _aपूर्वी सोवियत लेखकों की दस कहानियां
246 _aPūrvī soviyat lekhakoan kī das kahāniyāan
260 _aमास्को
_b विदेशी भाषा प्रकाशन गृह
_c1965
300 _a266पृ.
_ccm.
650 _aरशियन साहित्य
942 _hO142,3xN1, 152K5
_cTEXL
_2CC
999 _c372793
_d372793